Normal view
MARC view
- Petra -- Description
Entry Topical Term
001 - CONTROL NUMBER
- control field: 4014
003 - CONTROL NUMBER IDENTIFIER
- control field: JO-AjAnu
005 - DATE AND TIME OF LATEST TRANSACTION
- control field: 20230606070947.0
008 - FIXED-LENGTH DATA ELEMENTS
- fixed length control field: 230606|| aca||aabn | a|a d
040 ## - CATALOGING SOURCE
- Original cataloging agency: JO-AjAnu
- Transcribing agency: JO-AjAnu
150 ## - HEADING--TOPICAL TERM
- Topical term or geographic name entry element: Petra -- Description
670 ## - SOURCE DATA FOUND
- Source citation: Work cat.: (JO-AjAnu)2089: Vivekanand, R.V, author 4013, Petra